| 000 | 00592nam a2200181Ia 4500 | ||
|---|---|---|---|
| 005 | 20250225114417.0 | ||
| 008 | 231217s9999 xx 000 0 und d | ||
| 020 | _a9798173669353 | ||
| 082 | _a001.6424ORA GRE;1 R | ||
| 100 | _aGreenwald, Rick. Stackwiak, Robert. Stern, Jonathan | ||
| 245 | 0 | _aOracle essentials : oracle database 10g, what you need to know about oracle database architecture and features | |
| 250 | _a3rd ed. | ||
| 260 |
_c2004 _bShroff _aMumbai |
||
| 300 | _axvii+374 | ||
| 500 | _aContent page available | ||
| 650 | _aOracle,database,architecture, | ||
| 942 | _cAA | ||
| 999 |
_c180614 _d180614 |
||